000 00643nam a2200229Ia 4500
003 OSt
005 20220925192444.0
006 a|||||r|||| 00| 0
007 ta
008 220923b |||||||| |||| 00| 0 eng d
037 _cGeneral Book
040 _aRTL
_cRTL
_beng
041 _2eng
_aeng
082 _aX9(JB):1.1, L4
100 _aMadas Andras
_9245240
245 0 _aWorld consumption of wood
_b Trends and prognoses
260 _aBudapest
_bAkademiai Kiado
_c1974
300 _a130p.
_ccm.
650 _aForestry Industry
942 _hX9(JB):1.1, L4
_cGB
_2CC
999 _c522225
_d522225